000 00476nam a2200169Ia 4500
005 20250326143728.0
008 250326s9999 xx 000 0 und d
037 _aTextbook
040 _aFMSL
_beng
_cFMSL
041 _aeng
_2eng
084 _ax:8 p3
_qFMSL
100 _aGrundy T
_9741615
245 0 _aSmart things to know bou growth
_cGrundy T
260 _aUnited Kingdom
_bUnited Kingdom, Capstone
_c2003
942 _cTB
_hx:8 p3
999 _c1300769
_d1300769